La otra cara de la historia :la historia de Puerto Rico desde su cara obrera; vol.1 1800-1925. parte I Album de fotos de la clase obrera puertorriqueña /
Guardado en:
| Hovedforfatter: | |
|---|---|
| Andre forfattere: | |
| Format: | Bog |
| Sprog: | Spanish |
| Udgivet: |
Río Piedras, Puerto Rico
Centro de Estudios de la Realidad Puertoriqueña, CEREP
1984
|
| Udgivelse: | 1era. edición |
| Fag: | |
| Tags: |
Tilføj Tag
Ingen Tags, Vær først til at tagge denne postø!
|
MARC
| LEADER | 00000nam a22000007a 4500 | ||
|---|---|---|---|
| 003 | cru CIDCACS/IIS | ||
| 005 | 20221119062549.0 | ||
| 008 | 171117b1984 pr ao||||||||||0| ||spa d | ||
| 999 | |c 40627 |d 40627 | ||
| 040 | |c cru CIDCACS/IIS | ||
| 090 | |a 05.03.05 G643o | ||
| 100 | 1 | 0 | |9 6041 |a González, Lydia Milagros |
| 245 | 1 | 3 | |a La otra cara de la historia :la historia de Puerto Rico desde su cara obrera; vol.1 1800-1925. |b parte I Album de fotos de la clase obrera puertorriqueña / |c Lydia Milagros González ; A.G. Quintero Rivera |
| 250 | |a 1era. edición | ||
| 260 | |a Río Piedras, Puerto Rico |b Centro de Estudios de la Realidad Puertoriqueña, CEREP |c 1984 | ||
| 300 | |a 169 páginas | ||
| 500 | |a Colección Alforja | ||
| 505 | 0 | |a Parte I. Album de fotos de la clase obrera puertorriqueña | |
| 650 | 1 | 7 | |9 3309 |a CLASE OBRERA |
| 650 | 1 | 7 | |9 3142 |a FOTOGRAFIA |
| 650 | 1 | 0 | |a ESCLAVITUD |9 39 |
| 650 | 1 | 7 | |9 1208 |a ARTESANOS |
| 650 | 1 | 7 | |9 1511 |a TRABAJADORES AGRICOLAS |
| 650 | 1 | 7 | |9 3183 |a CANA DE AZUCAR |
| 650 | 1 | 7 | |9 1803 |a TABACO |
| 650 | 1 | 7 | |9 4 |a MOVIMIENTOS OBREROS |
| 651 | 1 | 0 | |9 96 |a PUERTO RICO |
| 700 | 1 | |a Quintero Rivera, Ángel G. |9 6042 | |
| 942 | |2 ddc |c LI | ||
